000 00987nam a22003017a 4500
003 CHAP
005 20220329141707.0
008 971013s1983 r 00010 d
010 _a72323
011 _a73295
035 _a82852
040 _cCHAP
090 _aTesis
100 0 0 _aGarcía Arrastio, Mario Bricio.
_945724
245 _aTécnicas para la preparación y conservación de los pulmones de la gallina
260 _aMéxico, D.F. :
_bEl autor,
_c1983
300 _a31 h.
502 _aTesis (Médico Veterinaria Zootecnista) -- UNAM. Fac. de Medicina Veterinaria y Zootecnia
590 _aALEPH
_b10
_c20130110
_lUCH01
_h1413
590 _aBATCH-UPD
_b10
_c20130110
_lUCH01
_h0742
590 _aBATCH-UPD
_b10
_c20130410
_lUCH01
_h0424
590 _aBATCH-UPD
_b10
_c20130914
_lUCH01
_h0449
590 _aCONVERSION
_b10
_c20130109
_lUCH01
_h1340
650 1 4 _aAves de corral
_xAnatomía.
_98639
901 _aBK
942 _cTESIS
949 _bBC
_cTES
_d-37105
_eTS1
_i82852
_si
999 _c72323
_d72323